[Event "Verona-chT Serie B/5 51st"]
[Site "Verona"]
[Date "2019.03.16"]
[Round "2.2"]
[White "Fratton, Zeno"]
[Black "Russo, Leonardo"]
[Result "1/2-1/2"]
[WhiteElo "2067"]
[BlackElo "2061"]
[PlyCount "85"]
[EventDate "2019.03.15"]
[EventType "team-tourn"]
[EventRounds "5"]
[EventCountry "ITA"]
[SourceTitle "EXT 2022"]
[Source "ChessBase"]
[SourceDate "2021.10.06"]
[SourceVersion "1"]
[SourceVersionDate "2021.10.06"]
[SourceQuality "1"]
[WhiteTeam "Valpolicella"]
[BlackTeam "Grosseto Mattoallaprossima"]
[WhiteTeamCountry "ITA"]
[BlackTeamCountry "ITA"]

1. c4 e5 2. Nc3 Nc6 3. g3 g6 4. Bg2 Bg7 5. Nf3 d6 6. d3 Nge7 7. 0-0 0-0 8. Rb1 a5 9. a3 f5 10. Nd5 h6 11. b4 axb4 12. axb4 Be6 13. Nd2 Qd7 14. b5 Nd8 15. b6 Bxd5 16. cxd5 c6 17. dxc6 Ndxc6 18. Bb2 Kh7 19. Ra1 Rxa1 20. Qxa1 d5 21. Nb3 Nc8 22. Nc5 Qf7 23. Qa2 Rd8 24. Qb3 Rd6 25. Na4 e4 26. dxe4 Bxb2 27. Nxb2 Nd4 28. Qe3 dxe4 29. Rd1 Qd7 30. Rb1 Nxb6 31. Bf1 Qc6 32. Rc1 Qd7 33. f3 exf3 34. exf3 Ne6 35. Nd3 Qa4 36. Nc5 Qd4 37. Qxd4 Nxd4 38. Nxb7 Rd7 39. Nc5 Rc7 40. Kf2 Nd7 41. Nd3 Rxc1 42. Nxc1 Ne5 43. Bg2 1/2-1/2

[Event "ITA-ch U16"]
[Site "Courmayeur"]
[Date "2013.07.01"]
[Round "2"]
[White "Fratton, Zeno"]
[Black "Motola, Jacopo"]
[Result "0-1"]
[WhiteElo "1784"]
[BlackElo "2031"]
[PlyCount "52"]
[EventDate "2013.06.30"]
[EventType "swiss"]
[EventRounds "9"]
[EventCountry "ITA"]
[SourceTitle "EXT 2015"]
[Source "ChessBase"]
[SourceDate "2014.11.20"]
[SourceVersion "1"]
[SourceVersionDate "2014.11.20"]
[SourceQuality "1"]

1. e4 c5 2. Nf3 d6 3. d4 cxd4 4. Nxd4 Nf6 5. Nc3 g6 6. Be2 Bg7 7. 0-0 0-0 8. Be3 Nc6 9. Nb3 Be6 10. f4 Na5 11. f5 Bc4 12. Nxa5 Bxe2 13. Qxe2 Qxa5 14. Bd4 Qb4 15. Rfd1 Rfc8 16. Bxf6 Bxf6 17. Nd5 Qxb2 18. Rac1 Rc5 19. fxg6 hxg6 20. Rf1 Rac8 21. Qf3 Qe5 22. Nxf6+ exf6 23. Qxf6 Qxf6 24. Rxf6 Rxc2 25. Rcf1 R8c7 26. Rxd6 Rxa2 0-1

[Event "Verona Province-ch"]
[Site "Zevio Verona"]
[Date "2013.01.13"]
[Round "3"]
[White "Fratton, Zeno"]
[Black "Luciani, Valerio"]
[Result "0-1"]
[WhiteElo "1819"]
[BlackElo "2227"]
[PlyCount "110"]
[EventDate "2013.01.12"]
[EventType "swiss"]
[EventRounds "6"]
[EventCountry "ITA"]
[SourceTitle "EXT 2024"]
[Source "ChessBase"]
[SourceDate "2023.10.10"]
[SourceVersion "1"]
[SourceVersionDate "2023.10.10"]
[SourceQuality "1"]

1. e4 d6 2. d4 Nf6 3. Nc3 c6 4. Nf3 Bg4 5. Be2 e6 6. 0-0 d5 7. exd5 Bxf3 8. Bxf3 cxd5 9. Re1 Be7 10. Bf4 Nc6 11. Qd3 0-0 12. Rad1 Rc8 13. Be2 Na5 14. Qg3 Nc4 15. Bxc4 Rxc4 16. Qd3 Qb6 17. b3 Rxc3 18. Qxc3 Bb4 19. Qd3 Bxe1 20. Rxe1 Rc8 21. c4 Qa6 22. Rc1 Qxa2 23. c5 Qa5 24. b4 Qa4 25. b5 h6 26. f3 Nd7 27. Be3 Nb8 28. Qf1 a6 29. bxa6 bxa6 30. Ra1 Qb5 31. Qxb5 axb5 32. Rb1 Nc6 33. Rxb5 g5 34. h4 Kg7 35. hxg5 hxg5 36. Kf2 f6 37. Rb6 Kg6 38. g4 f5 39. gxf5+ Kxf5 40. Kg3 Na5 41. Kg2 Nc4 42. Rb3 g4 43. fxg4+ Kxg4 44. Bh6 Ra8 45. Rg3+ Kf5 46. Rf3+ Ke4 47. Rf4+ Kd3 48. Bg7 Rg8 49. Rf3+ Ke4 50. Rg3 Ne3+ 51. Kh3 Nf5 52. Rg4+ Kf3 53. c6 Nxg7 54. c7 Rh8+ 55. Rh4 Rc8 0-1